| 000 | 00509nam a2200169 a 4500 | ||
|---|---|---|---|
| 001 | 000035442 | ||
| 003 | OCoLC | ||
| 005 | 20200930074339.0 | ||
| 008 | 081127s1956 sp a 000 0 spa d | ||
| 040 |
_aDO-SdBNP _bspa _cBNPHU |
||
| 082 |
_axxxx _bF363zO |
||
| 100 | 1 |
_aWast, Hugo _d1883-1962. _961278 |
|
| 245 | 1 | 0 |
_aObras completas Hugo Wast / _cHugo Wast. |
| 260 |
_aMadrid : _bEdiciones Fax, _c1956. |
||
| 300 |
_a2 v. ; _c20 cm. |
||
| 590 | _aPerteneció a la biblioteca personal de Juan Isidro Jimenes Grullón | ||
| 999 |
_c34933 _d34933 |
||